000 00296pab a2200133 454500
008 180718b1990 xxu||||| |||| 00| 0 eng d
245 _aSpecial issue on health for all
260 _c1990
300 _a12-57
362 _aMay
650 _aHealth Services
773 _aSeminar
909 _a10082
999 _c10082
_d10082